000 00328nam a2200157Ia 4500
100 _aLockhart andrew
650 _aNetwork Security
942 _cBK
366 _f25
245 _aNetwork security Hacks
260 _bOreilly
_c2007
082 _a5.8
_bLOC
300 _a455
546 _aENGLISH
_celectronics
999 _c34767
_d34767